000 00599nam a2200193Ia 4500
003 Ost
005 20260507075640.0
008 260507s9999||||xx |||||||||||||| ||und||
040 _cfsecg
041 _aara
082 _a338.54
100 _aأبو قحف، عبد السلام
_eمؤلف
245 0 _aثقافة الخرافات وإدارة الأزمات /
_c عبد السلام أبو قحف
260 _aالاسكندرية:
_bالدار الجامعية,
_c1999
300 _a205 صفحة؛
653 _aإدارة الأزمات
653 _aالخرافات
942 _cكتاب
999 _c45393
_d45393